Theory and applications of integral transformations and operational calculus (Record no. 751570)

MARC details
000 -LEADER
fixed length control field 00339nam a22001217a 4500
020 ## - INTERNATIONAL STANDARD BOOK NUMBER
ISBN 9781647285319
100 ## - MAIN ENTRY--AUTHOR NAME
Personal name Cole, Jocelyn
245 ## - TITLE STATEMENT
Title Theory and applications of integral transformations and operational calculus
260 ## - PUBLICATION, DISTRIBUTION, ETC. (IMPRINT)
Place of publication New York
Name of publisher Willford press
Year of publication 2023
300 ## - PHYSICAL DESCRIPTION
Number of Pages vi+240
942 ## - ADDED ENTRY ELEMENTS (KOHA)
Source of classification or shelving scheme Dewey Decimal Classification
Koha item type Book
Holdings
Withdrawn status Lost status Source of classification or shelving scheme Damaged status Not for loan Collection code Home Library Current Location Shelving location Date acquired Source of acquisition Cost, normal purchase price Full call number Accession Number Price effective from Koha item type
    Dewey Decimal Classification   Not For Loan Reference Dept. of Mathematics Dept. of Mathematics Reference 19/09/2025 Sothern Book Star, Trivandrum 13776.75 515.723 COL-T MAT8138 19/09/2025 Book